Mistrzostwa Świata 2022 FIVB siatkówka - Statystyki

Ogólne statystyki
  • Ten quiz został rozwiązany 2 023 razy
  • Średni wynik to 17 z 24
Statystyki odpowiedzi
Kraj % Poprawnych
Polska
100%
Stany Zjednoczone
95%
Włochy
94%
Brazylia
93%
Francja
93%
Niemcy
89%
Japonia
87%
Argentyna
85%
Słowenia
84%
Chiny
79%
Kanada
79%
Holandia
71%
Serbia
70%
Meksyk
69%
Iran
68%
Ukraina
68%
Bułgaria
64%
Turcja
59%
Kuba
56%
Egipt
54%
Tunezja
46%
Kamerun
29%
Katar
26%
Portoryko
21%
Nie znaleziono quizów pasujących do podanych kryteriów
Rozkład punktacji
Procent ludzi z każdym wynikiem
Percentyl według liczby udzielonych odpowiedzi
Twoja historia wyników
Nie rozwiązałeś tego quizu